Virtual Reality Based Procedural Memorization of General Aviation Light Aircraft. / (Record no. 586460)

000 -LEADER
fixed length control field 00516nam a22001577a 4500
020 ## - INTERNATIONAL STANDARD BOOK NUMBER
Qualifying information Hard Cover.
082 ## - DEWEY DECIMAL CLASSIFICATION NUMBER
Classification number 620.0011
100 ## - MAIN ENTRY--PERSONAL NAME
Personal name Neelam Shoaib.
245 ## - TITLE STATEMENT
Title Virtual Reality Based Procedural Memorization of General Aviation Light Aircraft. /
Statement of responsibility, etc. Shoaib, Neelam
260 ## - PUBLICATION, DISTRIBUTION, ETC.
Place of publication, distribution, etc. Islamabad:
Name of publisher, distributor, etc. RCMS-NUST,
Date of publication, distribution, etc. 2021.
300 ## - PHYSICAL DESCRIPTION
Extent 90 p. :
Other physical details ill. ;
Dimensions 30cm.
650 ## - SUBJECT ADDED ENTRY--TOPICAL TERM
Topical term or geographic name entry element MS-System Engineering .
700 ## - ADDED ENTRY--PERSONAL NAME
Personal name Dr. Shahzad Rasool
942 ## - ADDED ENTRY ELEMENTS (KOHA)
Source of classification or shelving scheme
Koha item type Thesis
650 ## - SUBJECT ADDED ENTRY--TOPICAL TERM
-- 81372
700 ## - ADDED ENTRY--PERSONAL NAME
-- 81449
Holdings
Withdrawn status Lost status Source of classification or shelving scheme Damaged status Not for loan Permanent Location Current Location Shelving location Date acquired Full call number Barcode Date last seen Price effective from Koha item type
          School of Interdisciplinary Engineering and Sciences (SINES) School of Interdisciplinary Engineering and Sciences (SINES) Thesis 09/14/2021 620.0011 SHO RCMS003285 09/14/2021 09/14/2021 Thesis
© 2023 Central Library, National University of Sciences and Technology. All Rights Reserved.